| 000 | 00488nam a2200169Ia 4500 | ||
|---|---|---|---|
| 008 | 230917s9999||||xx |||||||||||||| ||und|| | ||
| 020 | _cUSD 24.95 (RS 1870.00) | ||
| 040 |
_e5011393 _aMAIN |
||
| 041 | _aEnglish | ||
| 082 | _a320.014 D36P | ||
| 100 | _aDavis, Aeron | ||
| 245 | 0 | _aPolitical communication: A new introduction for crisis times | |
| 260 |
_aCambridge _bPolity Press _c2019 |
||
| 300 | _a262 p. | ||
| 500 | _a4512 28/01/2022 HBD22/9240 28/01/2022 Main Budget | ||
| 942 | _cBK | ||
| 999 |
_c5372 _d5372 |
||